000 00319nam a22001337a 4500
008 170302b xxu||||| |||| 00| 0 eng d
020 _a9780683301182
041 _aeng
080 _22ND
_a616.073
100 _a6
101 _aSHM
245 _aTHE ESSENTIAL PHYSICS OF MEDICAL IMAGING
_cBUSHBERG, J.T
942 _2udc
_cBK
999 _c6545
_d6545